| 000 | 00837cpcaa2200253 4500 | ||
|---|---|---|---|
| 001 | mm 79005650 | ||
| 003 | DLC | ||
| 005 | 20260227111651.0 | ||
| 008 | 790130|||||||||||| eng | ||
| 010 | _amm 79005650 | ||
| 040 |
_aDLC _cDLC _edacs _dDLC |
||
| 072 | 7 |
_aL _2lcmd |
|
| 100 | 1 |
_aBrowning, Elizabeth Barrett, _d1806-1861. |
|
| 245 | 0 | 0 |
_aElizabeth Barrett Browning poem, _fundated. |
| 300 |
_a1 _fitem. |
||
| 506 | 0 | _aOpen to research. | |
| 545 | 0 | _aPoet. | |
| 546 | _aCollection material in English. | ||
| 580 | _aForms part of: Miscellaneous Manuscripts collection. | ||
| 650 | 0 | _aPoetry. | |
| 656 | 7 |
_aPoets. _2itoamc |
|
| 999 |
_c41958 _d41958 |
||